Fundamental Accounting Principles (Record no. 5582)

MARC details
005 - DATE AND TIME OF LATEST TRANSACTION
control field 20250627095058.0
020 ## - INTERNATIONAL STANDARD BOOK NUMBER
International Standard Book Number 9780072483703
082 ## - DEWEY DECIMAL CLASSIFICATION NUMBER
Classification number 657 LAR
100 ## - MAIN ENTRY--PERSONAL NAME
Author name LARSON,K.
245 ## - TITLE STATEMENT
Title Fundamental Accounting Principles
250 ## - EDITION STATEMENT
Edition statement 16th Ed.
260 ## - PUBLICATION, DISTRIBUTION, ETC.
Place of publication, distribution, etc. New York.
Name of publisher, distributor, etc. Mc Graw Hill,
Date of publication, distribution, etc. 2002
300 ## - PHYSICAL DESCRIPTION
Extent xxxii,1099p.
Other physical details index
Dimensions 27cm.
700 ## - ADDED ENTRY--PERSONAL NAME
Other authors/Editors WILD,J. & CHIAPPETTA
942 ## - ADDED ENTRY ELEMENTS (KOHA)
Source of classification or shelving scheme Dewey Decimal Classification
Koha item type Books
Holdings
Date last seen Total checkouts Full call number Barcode Price effective from Koha item type Lost status Source of classification or shelving scheme Damaged status Not for loan Withdrawn status Home library Current library Shelving location Date acquired Cost, normal purchase price
06/27/2025   657 LAR DOM000260 06/27/2025 Books   Dewey Decimal Classification       CBE Dodoma CBE Dodoma General Collection 01/07/2004 85000.00
06/27/2025   657 LAR DOM000297 06/27/2025 Books   Dewey Decimal Classification       CBE Dodoma CBE Dodoma General Collection 01/07/2004 85000.00
06/27/2025   657 LAR DOM000409 06/27/2025 Books   Dewey Decimal Classification       CBE Dodoma CBE Dodoma General Collection 01/07/2004 85000.00
06/27/2025   657 LAR DOM000410 06/27/2025 Books   Dewey Decimal Classification       CBE Dodoma CBE Dodoma General Collection 01/07/2004 85000.00